<?xml version="1.0" encoding="UTF-8"?>
<record
    xmlns:xsi="http://www.w3.org/2001/XMLSchema-instance"
    xsi:schemaLocation="http://www.loc.gov/MARC21/slim http://www.loc.gov/standards/marcxml/schema/MARC21slim.xsd"
    xmlns="http://www.loc.gov/MARC21/slim">

  <leader>010800000a22001210004500</leader>
  <datafield tag="100" ind1="1" ind2=" ">
    <subfield code="a">Satiz&#xE1;bal, Carlos Eduardo</subfield>
  </datafield>
  <datafield tag="245" ind1="1" ind2="0">
    <subfield code="a">La aspiraci&#xF3;n a la paz es aspiraci&#xF3;n a la cultura</subfield>
  </datafield>
  <datafield tag="300" ind1=" " ind2=" ">
    <subfield code="a">Vol.0, n&#xFA;m.4 (Febrero, 2005), P&#xE1;ginas 14-15</subfield>
  </datafield>
  <datafield tag="500" ind1=" " ind2=" ">
    <subfield code="a">Carlos Eduardo Satiz&#xE1;bal se inici&#xF3; en la filosof&#xED;a, la m&#xFA;sica y el teatro en las conversaciones con amigos en parques y salas de Palmira, su ciudad natal, y en las aulas y jardines de la Universidad del Valle, en Cali.  All&#xED; estudi&#xF3; con los maestros Estanislao Zuleta, Enrique Buenaventura, Augusto D&#xED;az, Lelio Fern&#xE1;ndez, &#xC1;lvaro Gallego, Cesar Iv&#xE1;n Potes, entre otros.  En Bogot&#xE1; ha hecho parte del taller de Investigaci&#xF3;n Teatral dirigido por el maestro Santiago Garc&#xED;a en la Corporaci&#xF3;n Colombiana de Teatro, donde tambi&#xE9;n, desde hace diez a&#xF1;os, trabaja con Patricia Ariza en diversos proyectos art&#xED;sticos y culturales.</subfield>
  </datafield>
  <datafield tag="520" ind1=" " ind2=" ">
    <subfield code="a">La paz es la aspiraci&#xF3;n a la cultura.  La creatividad colectiva.  La memoria art&#xED;stica es la &#xFA;nica memoria compartida.</subfield>
  </datafield>
  <datafield tag="773" ind1="0" ind2=" ">
    <subfield code="t">Educaci&#xF3;n para la paz</subfield>
  </datafield>
  <datafield tag="942" ind1=" " ind2=" ">
    <subfield code="c">ANA</subfield>
  </datafield>
  <datafield tag="952" ind1=" " ind2=" ">
    <subfield code="0">0</subfield>
    <subfield code="1">0</subfield>
    <subfield code="4">0</subfield>
    <subfield code="7">0</subfield>
    <subfield code="8">HEM</subfield>
    <subfield code="a">FUSBC</subfield>
    <subfield code="b">FUSBC</subfield>
    <subfield code="d">2016-01-26</subfield>
    <subfield code="l">0</subfield>
    <subfield code="o"> </subfield>
    <subfield code="r">2016-01-26 00:00:00</subfield>
    <subfield code="w">2016-01-26</subfield>
    <subfield code="y">ANA</subfield>
  </datafield>
  <datafield tag="999" ind1=" " ind2=" ">
    <subfield code="c">60200</subfield>
    <subfield code="d">60200</subfield>
  </datafield>
</record>
